| 000 | 00346nam a22001337a 4500 | ||
|---|---|---|---|
| 008 | 170615b xxu||||| |||| 00| 0 eng d | ||
| 020 | _a9280809733 | ||
| 041 | _aeng | ||
| 080 | _a32 | ||
| 100 | _a19 | ||
| 101 | _aSHP | ||
| 245 |
_aTHE FUTURE OF THE UNITED NATIONS SYSTEM: POTENTIAL FOR THE TWENTY-FIRST CENTURY _cALGER, CH.F |
||
| 942 |
_2udc _cBK |
||
| 999 |
_c17553 _d17553 |
||